| 000 | 00886cam a22002531 4500 | ||
|---|---|---|---|
| 001 | gs 53000057 | ||
| 003 | DLC | ||
| 005 | 20260227111359.0 | ||
| 008 | 770317s1952 dcuab b f00010 eng c | ||
| 010 | _ags 53000057 //r862 | ||
| 040 |
_aU.S. Geol. Survey. Libr. _cak |
||
| 043 | _an-us-ak | ||
| 050 | 0 |
_aQE75 _b.C5 no. 207 |
|
| 082 | _a553.49 | ||
| 100 | 1 | 0 |
_aMoxham, Robert Morgan, _d1919- |
| 245 | 0 | 0 |
_aReconnaissance for radioactive deposits in the southern Cook Inlet region, Alaska, 1949, _cby Robert M. Moxham and Arthur E. Nelson. |
| 260 | 0 |
_aWashington, _c1952. |
|
| 300 |
_aiii, 7 p. _bmaps (1 fold.) tables. _c27 cm. |
||
| 490 | 1 | _aGeological Survey circular 207 | |
| 504 | _aBibliographical footnotes. | ||
| 650 | 0 |
_aGeology _zAlaska _zCook Inlet. |
|
| 700 | 1 | 0 |
_aNelson, Arthur E. _q(Arthur Edward), _d1922- _ejoint author. |
| 830 | 0 |
_aGeological Survey circular ; _v207. |
|
| 999 |
_c28704 _d28704 |
||